000 00302nam a2200121Ia 4500
008 140130s9999 xx 000 0 und d
245 _cGold, Maya
_aCinderella cleaners Change of a dress
260 _bScholastic,
_c2010
440 _v1
521 _aGrade 4 - Grade 7
942 _cBK
999 _c41173
_d41173